Nalaganje...

Organization Development & change

Bibliografske podrobnosti
Glavni avtor: Cummings, Thomas G; Worley, Christopher G
Format: Printed Book
Izdano: Thomson-South Western, Australia 2004
Izdaja:7 edition
Teme:
LEADER 00633nam a2200193 4500
020 |a 9812431071  |c 450 
082 |a S 658.1DC CUM 
100 |a Cummings, Thomas G; Worley, Christopher G 
245 |a Organization Development & change  |c Cummings, Thomas G; Worley, Christopher G 
250 |a 7 edition 
260 |a Thomson-South Western, Australia  |c 2004 
300 |a 706 p 
490
500
590
650 |a Organizational development and change 
942 |c BK 
999 |c 139133  |d 139133 
952 |0 0  |1 0  |4 0  |6 S_658_000000000000000_1DC_CUM  |7 0  |9 152593  |a IMK  |b IMK  |g 450.00  |l 0  |o S 658.1DC CUM  |p IMK06139  |r 2019-10-25  |w 2019-10-25  |y BK